Online
Catalog

Teoría del desarrollo : (Record no. 23053)

MARC details
000 -CABECERA
campo de control de longitud fija 00899nam a2200241 a 4500
001 - NÚMERO DE CONTROL
campo de control 000023557
005 - FECHA Y HORA DE LA ÚLTIMA TRANSACCIÓN
campo de control 20250701132841.0
008 - DATOS DE LONGITUD FIJA--INFORMACIÓN GENERAL
campo de control de longitud fija 101213s2001 ve a r 000 0 spa d
020 ## - NÚMERO INTERNACIONAL ESTÁNDAR DEL LIBRO
Número Internacional Estándar del Libro 980317181X
040 ## - FUENTE DE LA CATALOGACIÓN
Centro catalogador/agencia de origen DO-SdBNP
Lengua de catalogación spa
Centro/agencia transcriptor BNPHU
041 17 - CÓDIGO DE LENGUA
Código de lengua del texto/banda sonora o título independiente spa
Código de lengua original alm
Fuente del código Código de idioma MARC
082 ## - NÚMERO DE LA CLASIFICACIÓN DECIMAL DEWEY
Número de clasificación 338.9
Número de documento/Ítem T314d
049 ## - FONDOS LOCALES (OCLC)
Fondos de biblioteca BNGR
245 01 - MENCIÓN DE TÍTULO
Título Teoría del desarrollo :
Resto del título nuevos enfoques y problemas /
Mención de responsabilidad, etc. Reinold E. Thiel editor ; traducción del alemán, Amparo Alcover.
260 ## - PUBLICACIÓN, DISTRIBUCIÓN, ETC.
Lugar de publicación, distribución, etc. Caracas, Venezuela :
Nombre del editor, distribuidor, etc. Nueva Sociedad,
Fecha de publicación, distribución, etc. 2001.
300 ## - DESCRIPCIÓN FÍSICA
Extensión 356 p. :
Otras características físicas il. ;
Dimensiones 23 cm.
534 ## - NOTA SOBRE LA VERSIÓN ORIGINAL
Encabezamiento principal del original Título original:
Mención de título del original Neue ansatze zur entwicklungstheorie.
500 ## - NOTA GENERAL
Nota general Incluye referencias bibliográficas y notas al pie de las páginas
650 #0 - PUNTO DE ACCESO ADICIONAL DE MATERIA--TÉRMINO DE MATERIA
Término de materia o nombre geográfico como elemento de entrada Desarrollo económico
9 (RLIN) 85548
650 #4 - PUNTO DE ACCESO ADICIONAL DE MATERIA--TÉRMINO DE MATERIA
Término de materia o nombre geográfico como elemento de entrada Crecimiento económico
9 (RLIN) 8530
700 1# - PUNTO DE ACCESO ADICIONAL--NOMBRE DE PERSONA
Nombre de persona Thiel, Reinold E.
Término indicativo de función/relación ed.
9 (RLIN) 48560
700 1# - PUNTO DE ACCESO ADICIONAL--NOMBRE DE PERSONA
Nombre de persona Alcover, Amparo
Término indicativo de función/relación tr.
9 (RLIN) 48561
Holdings
Estado de retiro Estado de pérdida Restricciones de uso No para préstamo Código de colección Localización permanente Ubicación/localización actual Ubicación en estantería Fecha de adquisición Número de inventario Total de préstamos Signatura topográfica completa Código de barras Fecha visto por última vez Precio válido a partir de Tipo de ítem Koha Número de copia
        Monografías: Libros y Folletos General General En catalogación 13.12.2010 LF1   338.9 T314d 23557-10 25.06.2020 25.06.2020 Préstamo en sala  
      Préstamo restrigido Monografías: Libros y Folletos General General En catalogación 13.12.2010 LF1   338.9 T314d 23557-20 25.06.2020 25.06.2020 Préstamo en sala e.2

Powered by Koha